Reflexión sociomoral y juventud del Cantón de Los Chiles: Consideraciones acerca de la calidad educativa rural = Sociomoral reflextion and youth from Los Chiles: issues about rural quality education /
Guardado en:
| Autor principal: | |
|---|---|
| Formato: | Texto |
| Etiquetas: |
Agregar Etiqueta
Sin Etiquetas, Sea el primero en etiquetar este registro!
|
MARC
| LEADER | 00000 a a2200000 04500 | ||
|---|---|---|---|
| 001 | 47072 | ||
| 003 | |||
| 040 | |||
| 090 | |a REV0862 143(I)2014 | ||
| 100 | |a Monestel Mora, Natacha | ||
| 245 | |a Reflexión sociomoral y juventud del Cantón de Los Chiles: Consideraciones acerca de la calidad educativa rural = |b Sociomoral reflextion and youth from Los Chiles: issues about rural quality education / |c Natacha Monestel Mora | ||
| 773 | |g volumen143, número1, (2014), páginas 13-29 | ||
| 999 | |c 24575 |d 24575 | ||
| 773 | 0 | |0 18728 |9 3010 |a Universidad de Costa Rica |d San José, Costa Rica Editorial UCR 1956- |o 16462 |t Revista de Ciencias Sociales/ |x 04825276 | |
